Ulat bulu bernama Noni

Bibliographic Details
Format: Book
Published: K.Lumpur : Penerbitan Fargoes , 2005
Series:Siri kanak-kanak harmoni
Subjects:

MARC

LEADER 00000cam a2200000 7i4500
001 0000067067
005 20161108.0
008 161015
020 |a 9831283473 
090 0 0 |a JF   |b JAW 
245 0 0 |a Ulat bulu bernama Noni 
260 |a K.Lumpur :   |b Penerbitan Fargoes ,   |c 2005 
440 0 |a Siri kanak-kanak harmoni 
500 |a Children ages 7-9 years old (orange) 
650 0 |a Jawi 
999 |a 0000899595   |b Book   |c Children Collection   |e Cawangan Mersing 
999 |a 0000899596   |b Book   |c Children Collection   |e Cawangan Mersing 
999 |a 0000953298   |b Book   |c Children Collection   |e Cawangan Segamat 
999 |a 0001148083   |b Book   |c Children Collection   |e Cawangan Segamat 
999 |a 0001148085   |b Book   |c Children Collection   |e Cawangan Bandar Penawar 
999 |a 0001215521   |b Book   |c Children Collection   |e Cawangan Segamat 
999 |a 0001215534   |b Book   |c Children Collection   |e Cawangan Pontian 
999 |a 0001260191   |b Book   |c Children Collection   |e Cawangan Muar